000 00730nam a2200241Ia 4500
003 OSt
005 20220923214224.0
006 a|||||r|||| 00| 0
007 ta
008 220922b |||||||| |||| 00| 0 hin d
024 _a168,027
037 _cTextual
040 _aARTS
_cARTS
_bhin
041 _2hin
_ahin
082 _aO152,1M5:g, L3
100 _aमिश्र, भगीरथ, संपा.
_9156274
245 0 _aरीतिकाव्य नवनीत
246 _aRītikāvya navanīta
260 _c1973
650 _aहिन्दी साहित्य
_9156264
942 _hO152,1M5:g, L3
_cTEXL
_2CC
999 _c322497
_d322497